| 000 | 00820nam a2200265Ia 4500 | ||
|---|---|---|---|
| 003 | OSt | ||
| 005 | 20221005041458.0 | ||
| 006 | a|||||r|||| 00| 0 | ||
| 007 | ta | ||
| 008 | 221004b |||||||| |||| 00| 0 eng d | ||
| 020 |
_a9789380607061 (hbk) _cINR 695.00 |
||
| 024 | _a33388 | ||
| 037 |
_b0363, 03/03/2017, Synergy Books India _cTextual |
||
| 040 |
_aCRL _cCRL _beng |
||
| 041 |
_2eng _aeng |
||
| 082 | _aNR4411v, Q0 | ||
| 100 |
_aVenkatasubramanian T.K. Au. _9589752 |
||
| 245 | 0 | _aMusic as history in Tamilnadu | |
| 260 |
_aDelhi _bPrimus Books India _c2010 |
||
| 300 |
_axvi,157p. _ccm. |
||
| 650 |
_a INDIAN MUSIC _9589753 |
||
| 650 |
_aMUSIC _917402 |
||
| 942 |
_hNR4411v, Q0 _cTEXL _2cc |
||
| 999 |
_c948597 _d948597 |
||